000 00256nam a2200109Ia 4500
008 200302s9999 xx 000 0 und d
100 _aR. Barry
245 _aThe Construction Building Vol 1
260 _bOrient Longman Ltd.
260 _c1999
300 _a170 P.,
999 _c33
_d33